|
|
|
|
| LEADER |
00835nam a2200265 4500 |
| 001 |
DLU090086484 |
| 005 |
##20090921 |
| 040 |
# |
# |
|a DLU
|b vie
|
| 041 |
# |
# |
|a vie
|
| 044 |
# |
# |
|a vn
|
| 100 |
# |
# |
|a Tiến Sơn.
|
| 245 |
# |
# |
|a Cống hiến của Nguyễn Trãi trong chỉ đạo chiến tranh giải phóng dân tộc đầu thế kỷ XV /
|c Tiến Sơn.
|
| 653 |
# |
# |
|a Nguyễn Trãi, 1380-1442
|
| 653 |
# |
# |
|a Nhà quân sự
|
| 653 |
# |
# |
|a Phong trào giải phóng dân tộc
|
| 773 |
# |
# |
|t Nghiên cứu lịch sử
|g Số 3(192), 1980, tr. 47-52
|
| 920 |
# |
# |
|a Phòng Tạp chí -- Trung tâm Thông tin - Thư viện Trường Đại học Đà Lạt
|
| 994 |
# |
# |
|a DLU
|
| 900 |
# |
# |
|a True
|
| 911 |
# |
# |
|a Nguyễn Thị Linh Chi
|
| 925 |
# |
# |
|a G
|
| 926 |
# |
# |
|a A
|
| 927 |
# |
# |
|a BB
|
| 980 |
# |
# |
|a Thư viện Trường Đại học Đà Lạt
|